000
00301nam a22001457a 4500
008
221019b ||||| |||| 00| 0 eng d
020
_a
047180671
041
_a
eng
080
_a
159.9
082
_a
159.9
100
_a
24.1
101
_a
PSI
245
_a
DEPRESSION
_c
WILLNER P
942
_2
udc
_c
BK
999
_c
58609
_d
58609